000 00586nam a2200181Ia 4500
008 240729s9999 xx 000 0 und d
022 _a2398-5496
245 4 _aThe Journal of Population and Sustainability
260 _aUnited Kingdom
260 _bThe White Horse Press
650 _a Demography. Population. Vital events
650 _a Economic theory. Demography
650 _a Environmental sciences | Social Sciences
650 _aGeography. Anthropology. Recreation
856 _uhttps://doaj.org/toc/27ea53eef0204431a41de09a61fbee6e
942 _2ddc
942 _cDOAJEJ
999 _c72981
_d72981
945 _a1
_bMadushi Gamage
_c1
_dMadushi Gamage